| Tag |
First Indicator |
Second Indicator |
Subfields |
| LEADER |
00000cam a2200000 4500 |
| 001 |
in00000024234 |
| 005 |
20151007061051.0 |
| 008 |
800627s1954 txua 00010 eng d |
| 035 |
|
|
|a (OCoLC)06468722
|
| 035 |
|
|
|9 AAD0990AM
|
| 040 |
|
|
|a TXA
|c TXA
|d UtOrBLW
|
| 049 |
|
|
|a TXAM
|v 1 [319381]
|v 2 [319382]
|v 3 [319383]
|
| 090 |
|
|
|a HD9715.8.U62
|b U5 1954
|
| 092 |
|
|
|a 691
|b T35, 1954
|
| 110 |
1 |
|
|a University of Texas.
|b Division of Extension.
|b Industrial and Business Training Bureau.
|
| 245 |
1 |
0 |
|a Lumber and building materials /
|c Issued by the University of Texas Division of Extension, Industrial and Business Training [Bureau] and Texas Education Agency, Vocational Division, Distributive Education Service.
|
| 264 |
|
1 |
|a Austin, Tex.,
|b [publisher not identified] ;
|c [1954]
|
| 300 |
|
|
|a 3 volumes :
|b illustrations
|
| 336 |
|
|
|a text
|b txt
|2 rdacontent
|
| 337 |
|
|
|a unmediated
|b n
|2 rdamedia
|
| 338 |
|
|
|a volume
|b nc
|2 rdacarrier
|
| 500 |
|
|
|a Volume 3: [Lesson] assignments.
|
| 650 |
|
0 |
|a Building materials industry
|z United States.
|
| 650 |
|
0 |
|a Lumber.
|
| 650 |
|
0 |
|a Building materials
|z United States.
|
| 999 |
|
|
|a MARS
|
| 999 |
f |
f |
|s 54ef75fa-0d2b-3717-bc7b-0858b90d6075
|i 7a8bb5b8-a0d5-3335-861f-0a10624eff79
|t 0
|
| 952 |
f |
f |
|p ric
|a Texas A&M University
|b Rellis Campus
|c Joint Library Facility
|d Remote Storage
|t 0
|e HD9715.8.U62 U5 1954
|h Library of Congress classification
|i unmediated -- volume
|k v.3
|m A14801138536
|
| 952 |
f |
f |
|p ric
|a Texas A&M University
|b Rellis Campus
|c Joint Library Facility
|d Remote Storage
|t 0
|e HD9715.8.U62 U5 1954
|h Library of Congress classification
|i unmediated -- volume
|k v.1
|m A14821564650
|
| 952 |
f |
f |
|p ric
|a Texas A&M University
|b Rellis Campus
|c Joint Library Facility
|d Remote Storage
|t 0
|e HD9715.8.U62 U5 1954
|h Library of Congress classification
|i unmediated -- volume
|k v.2
|m A14801138528
|
| 998 |
f |
f |
|a HD9715.8.U62 U5 1954
|s v.1-v.3
|t 0
|l Remote Storage
|